Структурно-фазовый анализ поверхностного слоя стали, подвергнутой электровзрывному легированию медью и последующей электронно-пучковой обработке; Известия Томского политехнического университета [Известия ТПУ]; Т. 318, № 2 : Математика и механика. Физика
| Parent link: | Известия Томского политехнического университета [Известия ТПУ]/ Томский политехнический университет (ТПУ).— , 2000- Т. 318, № 2 : Математика и механика. Физика.— 2011.— [С. 106-109] |
|---|---|
| Altri autori: | , , , , , |
| Riassunto: | Заглавие с титульного листа Электронная версия печатной публикации Представлены результаты электронно-микроскопического микродифракционного анализа поверхностного слоя углеродистой стали, подвергнутой комплексной обработке, состоящей в электровзрывном легировании медью и последующем облучении высокоинтенсивным электронным пучком, демонстрирующие присутствие атомов меди, участвующей в формировании различных фаз в поверхностном слое толщиной ~20 мкм. |
| Lingua: | russo |
| Pubblicazione: |
2011
|
| Serie: | Математика и механика. Физика |
| Soggetti: | |
| Accesso online: | http://www.lib.tpu.ru/fulltext/v/Bulletin_TPU/2011/v318/i2/23.pdf |
| Natura: | Elettronico Capitolo di libro |
| KOHA link: | https://koha.lib.tpu.ru/cgi-bin/koha/opac-detail.pl?biblionumber=194669 |
MARC
| LEADER | 00000nla2a2200000 4500 | ||
|---|---|---|---|
| 001 | 194669 | ||
| 005 | 20231031182417.0 | ||
| 035 | |a (RuTPU)RU\TPU\book\212329 | ||
| 035 | |a RU\TPU\book\212327 | ||
| 090 | |a 194669 | ||
| 100 | |a 20110420d2011 k y0rusy50 ca | ||
| 101 | 0 | |a rus | |
| 102 | |a RU | ||
| 135 | |a drnn ---uucaa | ||
| 181 | 0 | |a i | |
| 182 | 0 | |a b | |
| 200 | 1 | |a Структурно-фазовый анализ поверхностного слоя стали, подвергнутой электровзрывному легированию медью и последующей электронно-пучковой обработке |b Электронный ресурс |f Ю. Ф. Иванов [и др.] | |
| 203 | |a Текст |c электронный | ||
| 215 | |a 1 файл (1.9 Мб) | ||
| 225 | 1 | |a Математика и механика. Физика | |
| 230 | |a Электронные текстовые данные (1 файл : 1.9 Мб) | ||
| 300 | |a Заглавие с титульного листа | ||
| 300 | |a Электронная версия печатной публикации | ||
| 320 | |a [Библиогр.: с. 109 (15 назв.)] | ||
| 330 | |a Представлены результаты электронно-микроскопического микродифракционного анализа поверхностного слоя углеродистой стали, подвергнутой комплексной обработке, состоящей в электровзрывном легировании медью и последующем облучении высокоинтенсивным электронным пучком, демонстрирующие присутствие атомов меди, участвующей в формировании различных фаз в поверхностном слое толщиной ~20 мкм. | ||
| 337 | |a Adobe Reader | ||
| 461 | 1 | |0 (RuTPU)RU\TPU\book\176237 |t Известия Томского политехнического университета [Известия ТПУ] |f Томский политехнический университет (ТПУ) |d 2000- | |
| 463 | 1 | |0 (RuTPU)RU\TPU\book\212166 |x 1684-8519 |t Т. 318, № 2 : Математика и механика. Физика |v [С. 106-109] |d 2011 |p 153 с. | |
| 610 | 1 | |a электровзрывное легирование | |
| 610 | 1 | |a легирование медью | |
| 610 | 1 | |a электронно-пучковая обработка | |
| 610 | 1 | |a фазовый состав | |
| 610 | 1 | |a субструктуры | |
| 610 | 1 | |a труды учёных ТПУ | |
| 610 | 1 | |a электронный ресурс | |
| 701 | 1 | |a Иванов |b Ю. Ф. |c российский ученый, специалист в области наноматериалов и нанотехнологий |c профессор Томского политехнического университета, доктор физико-математических наук |c ведущий научный сотрудник Института сильноточной электроники СО РАН |f 1955- |g Юрий Федорович |2 stltpush |3 (RuTPU)RU\TPU\pers\28208 | |
| 701 | 1 | |a Филимонов |b С. Ю. |c физик |c ведущий инженер НОИЦ "Наноматериалы и нанотехнологии" Института физики высоких технологий Томского политехнического университета |f 1986- |g Семён Юрьевич |2 stltpush |3 (RuTPU)RU\TPU\pers\28218 | |
| 701 | 1 | |a Колубаева |b Ю. А. | |
| 701 | 1 | |a Тересов |b А. Д. | |
| 701 | 1 | |a Громов |b В. Е. | |
| 701 | 1 | |a Будовских |b Е. А. | |
| 801 | 1 | |a RU |b 63413507 |c 20090623 |g PSBO | |
| 801 | 2 | |a RU |b 63413507 |c 20211227 |g PSBO | |
| 856 | 4 | |u http://www.lib.tpu.ru/fulltext/v/Bulletin_TPU/2011/v318/i2/23.pdf | |
| 942 | |c CF | ||